General country knowledge quiz - Statistics

General Stats
  • This quiz has been taken 29 times
  • The average score is 7 of 10
Answer Stats
Hint Answer % Correct
Smallest country? Vatican city
95%
Most populated city in china? Chongqing
86%
What country is to the right of Yemen Oman
82%
Least populated country in south America Suriname
77%
Least populated country in Asia The Maldives
77%
What is the biggest settlement in the world? La Rinconada
73%
Country with the lowest median age? Niger
68%
Most depressed country? South Korea
50%
Cleanest country? Denmark
36%
Country with the highest median age? Monaco
36%
No matching quizzes found
Score Distribution
Percent of People with Each Score
Percentile by Number Answered
Your Score History
You have not taken this quiz